Normal view MARC view
  • Le Sueur, A. P.

Entry Personal Name

Number of records used in: 1

001 - CONTROL NUMBER

  • control field: 103041

003 - CONTROL NUMBER IDENTIFIER

  • control field: NUST

005 - DATE AND TIME OF LATEST TRANSACTION

  • control field: 20221118112356.0

008 - FIXED-LENGTH DATA ELEMENTS

  • fixed length control field: 221118|| aca||aabn | a|a d

040 ## - CATALOGING SOURCE

  • Original cataloging agency: NUST
  • Transcribing agency: NUST

100 ## - HEADING--PERSONAL NAME

  • Personal name: Le Sueur, A. P.
  • Fuller form of name: (Andrew P.)

670 ## - SOURCE DATA FOUND

  • Source citation: Work cat.: (NUST)0: Le Sueur, A. P. (Andrew P.) author., Public law :
© 2023 Central Library, National University of Sciences and Technology. All Rights Reserved.